000 00613cam a22002293a 4500
001 24270
003 PGUSA
005 20140828083523.0
008 080113s2008||||xxu|||||s|||||000 1 eng d
040 _aPGUSA
_beng
042 _adc
050 4 _aPR
100 1 _aBecke, Louis,
_d1855-1913
245 1 0 _aTom Gerrard
_h[electronic resource] /
_cLouis Becke
260 _bProject Gutenberg,
_c2008
506 _aPublic domain in the USA.
516 _aElectronic text
653 _aAustralia -- Fiction
830 0 _aProject Gutenberg
_v24270
856 4 0 _uhttp://www.gutenberg.org/ebooks/24270
942 _cEB
999 _c253525
_d253525